Skin séries icone - Statistiques

Statistiques générales
  • Ce quiz a été pris 33 fois
  • Le résultat moyen est 8 sur 25
Statistiques - réponses
Classement Indice Réponse % Correct
4 Musique ( Rap) Eminem
73%
9 Musique (Rap ) Eminem
73%
20 Musique ( Rap) Eminem
73%
1 Musique ( Rap) Travis Scott
73%
10 Sport Neymar JR
55%
14 Streaming Ninja
55%
18 Musique ( Pop / RnB) Ariana Grande
45%
16 Musique ( Electro ) Marshmello
36%
24 Création de contenu MrBeast
36%
8 Musique ( Pop) Bruno Mars
27%
3 Streaming / Esport Bugha
27%
22 Sport LeBron James
27%
23 Streaming Loserfruit
27%
2 Musique The Weekend
27%
6 Musique Billie Eilish
18%
7 Musique Billie Eilish
18%
5 Sport Lewis Hamilton
18%
12 Streaming Nick Eh 30
18%
25 Création de contenu The GrefG
18%
19 Musique ( Rap ) Anderson Paak
9%
21 Streaming Chica
9%
15 Musique ( Pop ) J Balvin
9%
17 Musique ( Pop ) J Balvin
9%
13 Création de contenu Khaby Lame
9%
11 Musique ( Hip-Hop) The Kid Laroi
9%
Aucun quiz correspondant
Distribution des résultats
% des personnes avec chaque résultat
Percentile par nombre de réponses
Votre historique - résultats
Vous n’avez pas pris ce quiz